000 00695nam a22001337a 4500
040 _cRUA
082 _aVEM SON 2015 B509 Or.
100 _aSON VICHEKA; ស៊ន វិច្ឆិកា
245 _aStudy on Newcastle disease of avian chicken and their antibodies by Ha and Hi-Test at dongkor district, phnom penh; សិក្សាលើជំងឺញ៉ូវកាសលើមាន់ពូជ AVIAN និងអង់ទីកររបស់វាតាមរយៈតេស្ត HA នឹង HI នៅខណ្ឌដង្កោ រាជធានីភ្នំពេញ
260 _aRUA
_bPhnom Penh
_c2015
300 _ax;39p.
_bill.
_c29cm.
856 _uSON VICHEKA
942 _cVEM
999 _c9283
_d9283